60 năm quân đội nhân dân Việt Nam xây dựng, chiến đấu, trưởng thành dưới lá cờ vẻ vang của Đảng

Gồm những bài viết thể hiện quan điểm, tư tưởng, lý luận và thực tiễn về sự phát triển của Quân đội Việt Nam dưới sự lãnh đạo của Đảng Cộng sản Việt Nam; Phương hướng xây dựng quân đội trong việc thực hiện nhiệm vụ bảo vệ, và xây dựng tổ quốc...

Descrizione completa

Salvato in:
Dettagli Bibliografici
Autore principale: Phạm Văn Tr
Natura: Libro
Lingua:Vietnamese
Pubblicazione: H. Quân đội nhân dân 2004
Soggetti:
Tags: Aggiungi Tag
Nessun Tag, puoi essere il primo ad aggiungerne! !
Thư viện lưu trữ: Mạng thư viện Đại học Đà Nẵng
LEADER 01553nam a2200361 4500
001 000007394
003 3555
005 20120521080516.0
008 111003s2004 viesd
020 |c 55000đ 
041 0 |a vie 
082 |a 355.597  |b PH-T 
100 0 |a Phạm Văn Trà 
245 0 |a 60 năm quân đội nhân dân Việt Nam xây dựng, chiến đấu, trưởng thành dưới lá cờ vẻ vang của Đảng  |c Phạm Văn Trà 
260 |a H.  |b Quân đội nhân dân  |c 2004 
300 |a 417 tr  |c 21 cm 
520 |a Gồm những bài viết thể hiện quan điểm, tư tưởng, lý luận và thực tiễn về sự phát triển của Quân đội Việt Nam dưới sự lãnh đạo của Đảng Cộng sản Việt Nam; Phương hướng xây dựng quân đội trong việc thực hiện nhiệm vụ bảo vệ, và xây dựng tổ quốc 
653 |a Lịch sử 
653 |a Đảng cộng sản Việt Nam 
653 |a Quân đội 
653 |a Việt Nam 
700 |a Phạm Văn Trà 
910 |a Nguyễn Thị Kim Oanh  |d 03/10/2011 
OWN |a LSP 
AVA |a UDN50  |b LSP  |d 355.597 PH-T  |e available  |t Error 5001 Not defined in file expand_doc_bib_avail.  |f 10  |g 0  |h N  |i 0  |k 1 
999 |a From the UDN01 
AVA |a UDN50  |b LSP  |d 355.597 PH-T  |e available  |t Error 5001 Not defined in file expand_doc_bib_avail.  |f 10  |g 0  |h N  |i 0  |k 1 
TYP |a Monograph 
TYP |a Printed language 
980 |a Mạng thư viện Đại học Đà Nẵng